| 000 | 00606nam a22001937a 4500 | ||
|---|---|---|---|
| 005 | 20131219120040.0 | ||
| 010 | _aENG-108904 | ||
| 020 |
_a9789381142776 _c625.00 |
||
| 035 | _aEN-92437 | ||
| 037 | _bDBAD/PUB | ||
| 082 | _a823.9109 | ||
| 100 | _aSharma, Ram | ||
| 245 |
_aRise of new women : _cby Ram Sharma _bnovels of Manju Kapur / |
||
| 260 |
_aNew Delhi _bManglam Publications _c2013 |
||
| 270 |
_aK-129 Gali No.3 Near Shiv Om Jwelers 3-1/2 Pusta Gautam Vihar _bNew Delhi _e110053 |
||
| 300 |
_a194p. _c22cm(Hb) |
||
| 500 | _aIncludes index | ||
| 942 |
_2ddc _cEN _mSHA _h823.9109 |
||
| 999 |
_c81262 _d81262 |
||